|
|
|
|
| LEADER |
01382nam a2200277 u 4500 |
| 001 |
10115768 |
| 003 |
upatras |
| 005 |
20211207125613.0 |
| 008 |
150415s2014 gr eng |
| 952 |
|
|
|0 0
|1 0
|4 0
|6 551_511000000000000_ΨΥΧ
|7 0
|9 177107
|a LISP
|b LISP
|c RES
|d 2016-04-24
|i 132343
|l 0
|o 551.511 ΨΥΧ
|p 025000252260
|r 2016-04-24 00:00:00
|t 1
|w 2016-04-24
|y BKTD
|
| 999 |
|
|
|c 109954
|d 109954
|
| 040 |
|
|
|a GR-PaULI
|c GR-PaULI
|
| 041 |
0 |
|
|a eng
|
| 082 |
1 |
4 |
|a 551.511
|2 23
|
| 100 |
1 |
|
|a Ψυχουδάκη, Μαγδαληνή
|4 aut
|9 143514
|
| 245 |
1 |
0 |
|a Atmospheric organic aerosol - water interactions
|c by Magdalini Psichoudaki
|
| 300 |
|
|
|a xx, 179 σ.
|b εικ.
|c 30 εκ.
|
| 504 |
|
|
|a Περιλαμβάνει βιβλιογραφία
|
| 650 |
|
4 |
|a Ατμοσφαιρική χημεία
|9 34822
|
| 650 |
|
4 |
|a Ατμοσφαιρική ρύπανση
|x Περιβαλλοντικές απόψεις
|9 176442
|
| 700 |
1 |
|
|a Πανδής, Σπυρίδων
|4 oth
|9 140356
|
| 710 |
2 |
|
|9 2771
|a Πανεπιστήμιο Πατρών
|b Σχολή Επιστημών Υγείας
|b Τμήμα Ιατρικής
|e Πολυτεχνική Σχολή
|e Τμήμα Χημικών Μηχανικών
|
| 852 |
|
|
|a GR-PaULI
|b ΠΑΤΡΑ
|b ΒΚΠ
|b ΑΝΕ
|k ΔΙΑΤΡΙΒΗ
|h 551.511 ΨΥΧ
|m 132343
|p 025000252260
|t 1
|
| 856 |
|
|
|u http://hdl.handle.net/10889/7970
|
| 942 |
|
|
|2 ddc
|c BKTD
|
| 998 |
|
|
|c ΓΚΟΓΚΟΥ
|d 2015-04
|